000
00292nam a22001217a 4500
008
170401b xxu||||| |||| 00| 0 eng d
041
_a
eng
080
_a
617
100
_a
8
101
_a
SHM
245
_a
DREW PRINCIPLES OF INDUSTRIAL WATER TREATMENT
_c
CAPPELINE, G.A
942
_2
udc
_c
BK
999
_c
9388
_d
9388